Công nghệ Enzym

में बचाया:
ग्रंथसूची विवरण
स्वरूप: Sách
भाषा:Undetermined
प्रकाशित:  Khoa học và Kỹ thuật  2012
विषय:
टैग : टैग जोड़ें
कोई टैग नहीं, इस रिकॉर्ड को टैग करने वाले पहले व्यक्ति बनें!
Thư viện lưu trữ: Trung tâm Thư viện - Trường Đại học Công nghiệp TP. Hồ Chí Minh
LEADER 00430nam a2200133Ia 4500
001 UIH_04851
008 231011s9999 xx 000 0 und d
082 |a  660.634 
245 0 |a  Công nghệ Enzym 
260 |b  Khoa học và Kỹ thuật 
260 |c  2012 
650 |a  Công nghệ sinh học; Enzyme;  
927 |a Sách 
980 |a Trung tâm Thư viện - Trường Đại học Công nghiệp TP. Hồ Chí Minh